<?xml version="1.0" encoding="UTF-8"?>
<record
    xmlns:xsi="http://www.w3.org/2001/XMLSchema-instance"
    xsi:schemaLocation="http://www.loc.gov/MARC21/slim http://www.loc.gov/standards/marcxml/schema/MARC21slim.xsd"
    xmlns="http://www.loc.gov/MARC21/slim">

  <leader>00731nam a22001577a 4500</leader>
  <controlfield tag="003">OSt</controlfield>
  <controlfield tag="005">20151212092320.0</controlfield>
  <controlfield tag="008">151212b        xxu||||| |||| 00| 0 eng d</controlfield>
  <datafield tag="040" ind1=" " ind2=" ">
    <subfield code="c">RUA</subfield>
  </datafield>
  <datafield tag="082" ind1=" " ind2=" ">
    <subfield code="a">ATM DUO 2004 B206 Or.1</subfield>
  </datafield>
  <datafield tag="100" ind1=" " ind2=" ">
    <subfield code="9">4746</subfield>
    <subfield code="a">DUONG, SAMATH.</subfield>
  </datafield>
  <datafield tag="245" ind1=" " ind2=" ">
    <subfield code="a">The gender in coastal fisheries resources mamagement a study in coastal fisheries communities, sihanouk ville (&#x1799;&#x17C1;&#x1793;&#x178C;&#x17D0;&#x179A;&#x1780;&#x17D2;&#x1793;&#x17BB;&#x1784;&#x1780;&#x17B6;&#x179A;&#x1782;&#x17D2;&#x179A;&#x1794;&#x17CB;&#x1782;&#x17D2;&#x179A;&#x1784;&#x1792;&#x1793;&#x1792;&#x17B6;&#x1793;&#x1787;&#x179B;&#x1795;&#x179B;&#x178F;&#x17C6;&#x1794;&#x1793;&#x17CB;&#x1786;&#x17D2;&#x1793;&#x17C1;&#x179A;&#x179F;&#x17B7;&#x1780;&#x17D2;&#x179F;&#x17B6;&#x1793;&#x17C5;&#x179F;&#x17A0;&#x1782;&#x1798;&#x1793;&#x17CF;&#x1793;&#x17C1;&#x179F;&#x17B6;&#x1791;&#x178F;&#x17C6;&#x1794;&#x1793;&#x17CB;&#x1786;&#x17D2;&#x1793;&#x17C1;&#x179A;&#x1780;&#x17D2;&#x179A;&#x17BB;&#x1784;&#x1796;&#x17D2;&#x179A;&#x17C7;&#x179F;&#x17B8;&#x17A0;&#x1793;&#x17BB;)</subfield>
  </datafield>
  <datafield tag="260" ind1=" " ind2=" ">
    <subfield code="a">Phnom Penh</subfield>
    <subfield code="b">RUA</subfield>
    <subfield code="c">2004</subfield>
  </datafield>
  <datafield tag="300" ind1=" " ind2=" ">
    <subfield code="a">x, 43p.</subfield>
    <subfield code="b">ill.</subfield>
    <subfield code="c">29cm.</subfield>
  </datafield>
  <datafield tag="942" ind1=" " ind2=" ">
    <subfield code="2">ddc</subfield>
    <subfield code="c">ATM</subfield>
  </datafield>
  <datafield tag="999" ind1=" " ind2=" ">
    <subfield code="c">4423</subfield>
    <subfield code="d">4423</subfield>
  </datafield>
  <datafield tag="952" ind1=" " ind2=" ">
    <subfield code="0">0</subfield>
    <subfield code="1">0</subfield>
    <subfield code="2">ddc</subfield>
    <subfield code="4">0</subfield>
    <subfield code="6">ATM_DUO_2004_000000000000000_B206_OR_1</subfield>
    <subfield code="7">0</subfield>
    <subfield code="9">22859</subfield>
    <subfield code="a">LBB</subfield>
    <subfield code="b">LBB</subfield>
    <subfield code="c">B206</subfield>
    <subfield code="d">2015-12-12</subfield>
    <subfield code="o">ATM DUO 2004 B206 Or.1</subfield>
    <subfield code="p">RUA033899</subfield>
    <subfield code="r">2015-12-12</subfield>
    <subfield code="w">2015-12-12</subfield>
    <subfield code="y">ATM</subfield>
  </datafield>
  <datafield tag="952" ind1=" " ind2=" ">
    <subfield code="0">0</subfield>
    <subfield code="1">0</subfield>
    <subfield code="2">ddc</subfield>
    <subfield code="4">0</subfield>
    <subfield code="6">ATM_DUO_2004_000000000000000_B206_OR_2</subfield>
    <subfield code="7">0</subfield>
    <subfield code="9">22860</subfield>
    <subfield code="a">LBB</subfield>
    <subfield code="b">LBB</subfield>
    <subfield code="c">B206</subfield>
    <subfield code="d">2015-12-12</subfield>
    <subfield code="o">ATM DUO 2004 B206 Or.2</subfield>
    <subfield code="p">RUA038528</subfield>
    <subfield code="r">2015-12-12</subfield>
    <subfield code="w">2015-12-12</subfield>
    <subfield code="y">ATM</subfield>
  </datafield>
  <datafield tag="952" ind1=" " ind2=" ">
    <subfield code="0">0</subfield>
    <subfield code="1">0</subfield>
    <subfield code="2">ddc</subfield>
    <subfield code="4">0</subfield>
    <subfield code="6">ATM_DUO_2004_000000000000000_B206_OR_3</subfield>
    <subfield code="7">0</subfield>
    <subfield code="9">22861</subfield>
    <subfield code="a">LBB</subfield>
    <subfield code="b">LBB</subfield>
    <subfield code="c">B206</subfield>
    <subfield code="d">2015-12-12</subfield>
    <subfield code="o">ATM DUO 2004 B206 Or.3</subfield>
    <subfield code="p">RUA038468</subfield>
    <subfield code="r">2015-12-12</subfield>
    <subfield code="w">2015-12-12</subfield>
    <subfield code="y">ATM</subfield>
  </datafield>
  <datafield tag="952" ind1=" " ind2=" ">
    <subfield code="0">0</subfield>
    <subfield code="1">0</subfield>
    <subfield code="2">ddc</subfield>
    <subfield code="4">0</subfield>
    <subfield code="6">ATM_DUO_2004_000000000000000_B206_OR_4</subfield>
    <subfield code="7">0</subfield>
    <subfield code="9">22862</subfield>
    <subfield code="a">LBB</subfield>
    <subfield code="b">LBB</subfield>
    <subfield code="c">B206</subfield>
    <subfield code="d">2015-12-12</subfield>
    <subfield code="o">ATM DUO 2004 B206 Or.4</subfield>
    <subfield code="p">RUA038408</subfield>
    <subfield code="r">2015-12-12</subfield>
    <subfield code="w">2015-12-12</subfield>
    <subfield code="y">ATM</subfield>
  </datafield>
  <datafield tag="952" ind1=" " ind2=" ">
    <subfield code="0">0</subfield>
    <subfield code="1">0</subfield>
    <subfield code="2">ddc</subfield>
    <subfield code="4">0</subfield>
    <subfield code="6">ATM_DUO_2004_000000000000000_B206_OR_5</subfield>
    <subfield code="7">0</subfield>
    <subfield code="9">22863</subfield>
    <subfield code="a">LBB</subfield>
    <subfield code="b">LBB</subfield>
    <subfield code="c">B206</subfield>
    <subfield code="d">2015-12-12</subfield>
    <subfield code="o">ATM DUO 2004 B206 Or.5</subfield>
    <subfield code="p">RUA038348</subfield>
    <subfield code="r">2015-12-12</subfield>
    <subfield code="w">2015-12-12</subfield>
    <subfield code="y">ATM</subfield>
  </datafield>
  <datafield tag="952" ind1=" " ind2=" ">
    <subfield code="0">0</subfield>
    <subfield code="1">0</subfield>
    <subfield code="2">ddc</subfield>
    <subfield code="4">0</subfield>
    <subfield code="6">ATM_DUO_2004_000000000000000_B206_OR_6</subfield>
    <subfield code="7">0</subfield>
    <subfield code="9">22864</subfield>
    <subfield code="a">LBB</subfield>
    <subfield code="b">LBB</subfield>
    <subfield code="c">B206</subfield>
    <subfield code="d">2015-12-12</subfield>
    <subfield code="o">ATM DUO 2004 B206 Or.6</subfield>
    <subfield code="p">RUA038288</subfield>
    <subfield code="r">2015-12-12</subfield>
    <subfield code="w">2015-12-12</subfield>
    <subfield code="y">ATM</subfield>
  </datafield>
  <datafield tag="952" ind1=" " ind2=" ">
    <subfield code="0">0</subfield>
    <subfield code="1">0</subfield>
    <subfield code="2">ddc</subfield>
    <subfield code="4">0</subfield>
    <subfield code="6">ATM_DUO_2004_000000000000000_B206_OR_7</subfield>
    <subfield code="7">0</subfield>
    <subfield code="9">22865</subfield>
    <subfield code="a">LBB</subfield>
    <subfield code="b">LBB</subfield>
    <subfield code="c">B206</subfield>
    <subfield code="d">2015-12-12</subfield>
    <subfield code="l">3</subfield>
    <subfield code="m">1</subfield>
    <subfield code="o">ATM DUO 2004 B206 Or.7</subfield>
    <subfield code="p">RUA038192</subfield>
    <subfield code="r">2023-10-18</subfield>
    <subfield code="s">2023-09-05</subfield>
    <subfield code="w">2015-12-12</subfield>
    <subfield code="y">ATM</subfield>
  </datafield>
  <datafield tag="952" ind1=" " ind2=" ">
    <subfield code="0">0</subfield>
    <subfield code="1">0</subfield>
    <subfield code="2">ddc</subfield>
    <subfield code="4">0</subfield>
    <subfield code="6">ATM_DUO_2004_000000000000000_B206_OR_8</subfield>
    <subfield code="7">0</subfield>
    <subfield code="9">22866</subfield>
    <subfield code="a">LBB</subfield>
    <subfield code="b">LBB</subfield>
    <subfield code="c">B206</subfield>
    <subfield code="d">2015-12-12</subfield>
    <subfield code="o">ATM DUO 2004 B206 Or.8</subfield>
    <subfield code="p">RUA034610</subfield>
    <subfield code="r">2015-12-12</subfield>
    <subfield code="w">2015-12-12</subfield>
    <subfield code="y">ATM</subfield>
  </datafield>
  <datafield tag="952" ind1=" " ind2=" ">
    <subfield code="0">0</subfield>
    <subfield code="1">0</subfield>
    <subfield code="2">ddc</subfield>
    <subfield code="4">0</subfield>
    <subfield code="6">ATM_DUO_2004_000000000000000_B206_OR_9</subfield>
    <subfield code="7">0</subfield>
    <subfield code="9">22867</subfield>
    <subfield code="a">LBB</subfield>
    <subfield code="b">LBB</subfield>
    <subfield code="c">B206</subfield>
    <subfield code="d">2015-12-12</subfield>
    <subfield code="o">ATM DUO 2004 B206 Or.9</subfield>
    <subfield code="p">RUA034611</subfield>
    <subfield code="r">2015-12-12</subfield>
    <subfield code="w">2015-12-12</subfield>
    <subfield code="y">ATM</subfield>
  </datafield>
  <datafield tag="952" ind1=" " ind2=" ">
    <subfield code="0">0</subfield>
    <subfield code="1">0</subfield>
    <subfield code="2">ddc</subfield>
    <subfield code="4">0</subfield>
    <subfield code="6">ATM_DUO_2004_000000000000000_B206_OR_10</subfield>
    <subfield code="7">0</subfield>
    <subfield code="9">22868</subfield>
    <subfield code="a">LBB</subfield>
    <subfield code="b">LBB</subfield>
    <subfield code="c">B206</subfield>
    <subfield code="d">2015-12-12</subfield>
    <subfield code="l">1</subfield>
    <subfield code="o">ATM DUO 2004 B206 Or.10</subfield>
    <subfield code="p">RUA034609</subfield>
    <subfield code="r">2024-01-08</subfield>
    <subfield code="s">2023-12-08</subfield>
    <subfield code="w">2015-12-12</subfield>
    <subfield code="y">ATM</subfield>
  </datafield>
  <datafield tag="952" ind1=" " ind2=" ">
    <subfield code="0">0</subfield>
    <subfield code="1">0</subfield>
    <subfield code="2">ddc</subfield>
    <subfield code="4">0</subfield>
    <subfield code="6">ATM_DUO_2004_000000000000000_B206_OR_11</subfield>
    <subfield code="7">0</subfield>
    <subfield code="9">22869</subfield>
    <subfield code="a">LBB</subfield>
    <subfield code="b">LBB</subfield>
    <subfield code="c">B206</subfield>
    <subfield code="d">2015-12-12</subfield>
    <subfield code="o">ATM DUO 2004 B206 Or.11</subfield>
    <subfield code="p">RUA034786</subfield>
    <subfield code="r">2015-12-12</subfield>
    <subfield code="w">2015-12-12</subfield>
    <subfield code="y">ATM</subfield>
  </datafield>
  <datafield tag="952" ind1=" " ind2=" ">
    <subfield code="0">0</subfield>
    <subfield code="1">0</subfield>
    <subfield code="2">ddc</subfield>
    <subfield code="4">0</subfield>
    <subfield code="6">ATM_DUO_2004_000000000000000_B206_OR_12</subfield>
    <subfield code="7">0</subfield>
    <subfield code="9">37170</subfield>
    <subfield code="a">LBB</subfield>
    <subfield code="b">LBB</subfield>
    <subfield code="c">B206</subfield>
    <subfield code="d">2016-02-04</subfield>
    <subfield code="o">ATM DUO 2004 B206 Or.12</subfield>
    <subfield code="p">RUA033824</subfield>
    <subfield code="r">2016-02-04</subfield>
    <subfield code="w">2016-02-04</subfield>
    <subfield code="y">ATM</subfield>
  </datafield>
</record>
